Normal view
MARC view
- Employees
Entry Topical Term
001 - CONTROL NUMBER
- control field: 6500
003 - CONTROL NUMBER IDENTIFIER
- control field: OSt
005 - DATE AND TIME OF LATEST TRANSACTION
- control field: 20170519153339.0
008 - FIXED-LENGTH DATA ELEMENTS
- fixed length control field: 170519|| aca||aabn | a|a d
040 ## - CATALOGING SOURCE
- Original cataloging agency: OSt
- Transcribing agency: OSt
150 ## - HEADING--TOPICAL TERM
- Topical term or geographic name entry element: Employees
- General subdivision: Training of
- General subdivision: Evaluation.
670 ## - SOURCE DATA FOUND
- Source citation: Work cat.: (OSt): Hale, Judith A. 6499, Performance-based evaluation, c2002.

PORTAL AKMAL
E-MEL JKDM
AKMAL2U
G-BAM
u-PUSTAKA